Bergson /
Guardado en:
| Autor Principal: | |
|---|---|
| Formato: | Libro |
| Publicado: |
Paris :
Alcan,
1931
|
| Materias: | |
| Etiquetas: |
Agregar Etiqueta
Sin Etiquetas, Sea el primero en etiquetar este registro!
|
| LEADER | 00452nam a22001575a 4500 | ||
|---|---|---|---|
| 001 | EHU.bham016421 | ||
| 003 | AR-BHAM | ||
| 005 | 20080304150547.0 | ||
| 008 | 130507s1931##################000#0#####d | ||
| 082 | 1 | 9 | |a 194.07 |
| 100 | 1 | |a Jankelevitch, Vladimir | |
| 245 | 1 | 0 | |a Bergson / |c Vladimir Jankelevitch |
| 260 | |a Paris : |b Alcan, |c 1931 | ||
| 300 | |a 300 p. | ||
| 653 | |a Filosofia francesa | ||
| 859 | |a AR-BHAM |b BIB. HUMANIDADES - Arturo Marasso |h 194.07 |i J258 |p 168.57 |t Ej.1 |v M | ||
